Estatísticas para Brasileirão - Top 4 de todos os anos

Clique aqui para jogar o quiz

Estatísticas Gerais

  • Esse quiz foi jogado 1 009 vezes
  • A pontuação média é 25 de 32

Estatísticas das Respostas

Clube% Correto
Flamengo
99%
Grêmio
99%
Palmeiras
99%
Santos
99%
Atlético-MG
98%
Corinthians
98%
Fluminense
98%
São Paulo
98%
Vasco
98%
Botafogo
97%
Cruzeiro
97%
Internacional
97%
Bahia
95%
Sport
91%
Coritiba
85%
Athletico-PR
82%
Fortaleza
81%
Guarani
78%
Vitória
78%
America-RJ
74%
Ceará
73%
Goiás
72%
São Caetano
69%
Bragantino
68%
Portuguesa
68%
Ponte Preta
66%
Náutico
63%
Bangu
62%
Santa Cruz
56%
Brasil de Pelotas
42%
Londrina
28%
Operário-MS
27%

Distribuição das Pontuações

Percentil de Números Respondidos

Porcentagem de Pessoas com Cada Pontuação

Sua Pontuação Histórica

Você não jogou esse quiz